000 00665 a2200241 4500
003 DLC
005 20260401105248.0
008 2024s2024 xx 000 0 eng d
020 _a9783031782978
040 _aDLC
_beng
050 4 _aRT81.5 .A4 2024
082 0 4 _a610.73072
100 1 _aAl Maqbali, Mohammed
_eauthor.
245 1 0 _aEssential Research for Evidence-Based Practice in Nursing Care
_cAl Maqbali, Mohammed.
264 1 _bSpringer
_c2024
300 _axv, 154p.: ill.
336 _2CC
338 _2CC
650 0 _aEvidence-based nursing
650 0 _aNursing--Research--Methodology
650 0 _aClinical nursing research
942 _2lcc
_cBK
999 _c44217
_d44217